000 nam a22 4500
999 _c29458
_d29458
008 171206b xxu||||| |||| 00| 0 eng d
020 _a9789966253255
050 _aPE 1068 .K4 2013
100 _aKiai, Alice
245 _aNew horizons in English 3 :
_ba course for secondary schools /
_cAlice Kiai
260 _aNairobi :
_bEast African Educational Publishers,
_c2013
300 _avii, 283p. :
_bill. ;
_c25 cm.
700 _aOduor, Benson
700 _aOwuor, Emily
942 _2lcc
_cAFRICANA
_hPE 1068 .K4 2013
_02